Łódź - prawda / fałsz - Statystyki

Ogólne statystyki
  • Ten quiz został rozwiązany 45 razy
  • Średni wynik to 4 z 6
Statystyki odpowiedzi
Zagadnienie Odpowiedź % Poprawnych
W Łodzi są trolejbusy Fałsz
89%
Łódź jest otoczona ringiem autostradowym. Prawda
89%
W Łodzi nie ma Ikei. Fałsz
86%
W Łodzi jest lotnisko z którego odlatują tylko Ryanairy Prawda
57%
Łódź znajduje się w samym centrum Polski Fałsz
43%
W Łodzi rozpoczęła się budowa metra Prawda
35%
Nie znaleziono quizów pasujących do podanych kryteriów
Rozkład punktacji
Procent ludzi z każdym wynikiem
Percentyl według liczby udzielonych odpowiedzi
Twoja historia wyników
Nie rozwiązałeś tego quizu